000 01497nam0a2200385 4500
001 RU\NLR\BIBL_A\022681252
005 20260206174953.0
010 _a978-5-389-28935-2
_93000
021 _aRU
_bКН-П-25-064704
_9КН-П-25-6270
035 _a(NLR Aleph) 022681252
090 _a13547719
_c13547719
100 _a20251205d2025 u y0rusy50 ca
101 0 _arus
102 _aRU
105 _aab||z|||010ay
181 0 _ai3
_baxxe
182 0 _an
200 1 _aВолкодав
_e[к 30-летию первого издания
_eроман]
_fМария Семёнова
_gиллюстрации Павла Борозенца [и др.]
_gкарта выполнена Ириной Дудиной
203 _aТекст
_bвизуальный
_cнепосредственный
210 _aСанкт-Петербург
_cАзбука
_d2025
215 _a618, [2] с., [1] л. цв. карт.
_cил.
_d22
225 1 _aМиры Марии Семёновой
320 _aДр. кн. авт. на 4-й с. обл.
333 _a16+
686 2 _aШ6(2=Р)75-445
700 1 _aСеменова
_bМ.
_cписатель
_f1958-
_gМария
_3RU\NLR\AUTH\771428
702 1 _aБорозенец
_bП. В.
_f1965 -
_gПавел Валентинович
_4440
702 1 _aДудина
_bИ.
_gИрина
_4440
942 _cBOOK
980 _aNB
996 _aметка
_bnar